| 000 | 00362cam a2200145ua 4500 | ||
|---|---|---|---|
| 041 |
_ahin _h |
||
| 082 |
_a891.4 _bNAR/NE |
||
| 100 | _aNaresh, Bathi . | ||
| 245 |
_aNehruji ka vidhyarthi jeevan / _cBathi Naresh. _hTextual Documents |
||
| 260 |
_a : _bSastra sahithya prakash , _c1894. |
||
| 300 | _a38 ; . | ||
| 504 | _a | ||
| 942 | _cBK | ||
| 999 |
_c3697 _d3697 |
||